000 03103nam0a2200385 i 4500
001 RU\NLR\BIBL_A\010450501
005 20240921215044.0
010 _a9785905989452
_9100
021 _aRU
_b2014-42305
_92576
035 _a(NILC)RuMoRGB-007505140
035 _a(NLR Aleph) 010450501
090 _a9925808
_c9925808
100 _a20140812d2014 u y0rusy50 ca
101 0 _arus
102 _aRU
105 _aa|||j|||001yy
200 1 _aРасчет и экспериментальное проектирование стальных решетчатых прогонов из гнутосварных профилей
_eучебное (справочное) пособие по дисциплинам "Теоретическая механика", "Сопротивление материалов", "Строительная механика", "Металлические конструкции" ("Строительные конструкции"), "Научно-промышленный эксперимент" ("Научно-инженерный эксперимент") для студентов направления 270100 - Строительство
_fА.С. Марутян
_gМ-во образования и науки Рос. Федерации, Сев.-Кавк. федер. ун-т, Фил. в г. Пятигорске, Инженер. фак., Каф. стр-ва
210 _aПятигорск
_cПФ СКФУ
_d2014
215 _a115 с.
_cил.
_d20
300 _aНа 3-й с. обл. авт.: А.С. Марутян, доц., к.т.н., проф.
311 _aПродолж. пособия "Проектирование легких металлоконструкций из перекрестных систем, включая модули типа Пятигорск"
320 _aБиблиогр.: с. 72-74 (40 назв.)
488 0 _12001#$aПроектирование легких металлоконструкций из перекрестных систем, включая модули типа Пятигорск
_tПроектирование легких металлоконструкций из перекрестных систем, включая модули типа Пятигорск
606 _aМеталлические фермы сварные
_xПроектирование
_92154132
_3RU\NLR\AUTH\661601717
606 _aПерекрестно-стержневые конструкции металлические
_jСправочники
_xПроектирование
_92199049
_3RU\NLR\AUTH\6601556581
606 1 _aМеталлические фермы сварные
_jСправочники
_xПроектирование
_92154132
_3RU\NLR\AUTH\661601717
610 0 _aперекрёстные стальные фермы
610 0 _aмодули типа "Пятигорск"
686 1 _aН549я22
700 1 _aМарутян
_bА. С.
_f1957-
_gАлександр Суренович
801 0 _aRU
_bРГБ
_c20140610
_gRCR
942 _cBOOK
980 _aNBR